In wie vielen Sprachen kannst du "Hallo" sagen? - Statistiken

Allgemein
  • Dieses Quiz wurde 928 mal gespielt
  • Das Durchschnittsergebnis liegt bei 8 aus 27
Antwortstatistiken
Sprache Antwort % Korrekt
Englisch Hello
99%
Ungarisch Helló
99%
Spanisch Hola
85%
Niederländisch Hallo
77%
Italienisch Ciao
60%
Französisch Salut
54%
Portugiesisch Olá
53%
Chinesisch Nǐ hǎo
37%
Türkisch Merhaba
32%
Dänisch Hej
29%
Schwedisch Hej
29%
Norwegisch Hei
23%
Russisch Privet
21%
Persisch Salaam
20%
Tschechisch Ahoj
17%
Rumänisch Alo
12%
Polnisch Czesc
9%
Hindi Namaste
9%
Arabisch Marhaba
6%
Kroatisch Bok
5%
Koreanisch Annyeonghaseyo
3%
Albanisch Përshëndetje
3%
Griechisch Ja sou
2%
Swahili Habari
1%
Japanisch Moshimoshi
1%
Thai Swasdi
1%
Bulgarisch Zdraveite
1%
Keine übereinstimmenden Quizze gefunden
Verteilung der Resultate
Anzahl Personen mit jedem Resultat
Perzentil nach korrekt beantworteten Fragen
Ihre Resultats-Entwicklung
Sie haben dieses Quiz noch nicht gespielt